|
|
|
|
| LEADER |
00788nab a2200229 i 4500 |
| 001 |
publ32791 |
| 005 |
20250416153458.0 |
| 008 |
250416s1989 hu o 000 eng d |
| 022 |
|
|
|a 0935-0411
|
| 024 |
7 |
|
|a 2581748
|2 mtmt
|
| 040 |
|
|
|a SZTE Publicatio Repozitórium
|b hun
|
| 041 |
|
|
|a eng
|
| 100 |
1 |
|
|a Szabó Gy.
|
| 245 |
1 |
0 |
|a Drug distribution in intra-arterial chemotherapy of head and neck tumors
|h [elektronikus dokumentum] :
|b Xeroangiographic and scintigraphic studies /
|c Szabó Gy.
|
| 260 |
|
|
|c 1989
|
| 300 |
|
|
|a 16-19
|
| 490 |
0 |
|
|a REGIONAL CANCER TREATMENT
|v 2
|
| 650 |
|
4 |
|a Klinikai orvostan
|
| 700 |
0 |
1 |
|a Péntek Z.
|e aut
|
| 700 |
0 |
1 |
|a Csernay László
|e aut
|
| 700 |
0 |
1 |
|a Hernádi T.
|e aut
|
| 856 |
4 |
0 |
|u http://publicatio.bibl.u-szeged.hu/32791/1/aok_klny_629_89.pdf
|z Dokumentum-elérés
|